000 00335nam a22001457a 4500
008 210511b ||||| |||| 00| 0 eng d
020 _adb13277146
041 _aeng
080 _a610.73
082 _a610.73
100 _a1
101 _aINF
245 _aCertification Review for Perianesthesia
_cKathy Carlson
942 _2udc
_cBK
999 _c57210
_d57210